000 00788nam a2200229 4500
005 20240530110550.0
008 160625s2013 ua ||||g b||| 00| 0 ara d
017 _a2013/4465
_bمصر. دار الكتب المصرية
020 _a9772329106
040 _aEG-CaGPL
082 0 4 _a302.23/
_bش خ
_221
100 0 _aشعيب الغباشى
245 1 2 _aالخطاب الاعلامى والقضايا المعاصرة /
_cشعيب الغباشى.
250 _aط. 1.
260 _aالقاهرة :
_bعالم الكتب،
_c2013.
300 _a239 ص. ؛
_c24 سم.
504 _aيشتمل على ارجاعات ببليوجرافية.
650 0 4 _aالاعلام
650 0 4 _aوسائل الاعلام
942 _2ddc
_cBK
999 _c62438
_d62438